Todos artilheiros de uma única edição da Copa do Mundo - Statistics

Estatísticas Gerais
  • Esse quiz foi jogado 81 vezes
  • A pontuação média é 11 de 21
Estatísticas das Respostas
Edição Nacionalidade Gols Jogador % Correto
2002 Brasileiro 8 Ronaldo
99%
2018 Inglês 6 Harry Kane
96%
2006 Alemão 5 Miroslav Klose
93%
2014 Colombiano 6 James Rodríguez
90%
2010 AlemãoEspanhol Holandês Uruguaio 5 Thomas MüllerDavid Villa Wesley Sneijder Diego Forlán
87%
1970 Alemão 10 Gerd Müller
82%
1966 Português 9 Eusébio
77%
1982 Itália 6 Paolo Rossi
63%
1958 Francês 13 Just Fontaine
55%
1938 Brasileiro 7 Leônidas da Silva
52%
1962 2 BrasileirosChileno Húngaro Croata Soviético 4 GarrinchaVavá Leonel Sánchez Flórián Albert Drazan Jerkovic Valentin Ivanov
51%
1978 Argentino 6 Mario Kempes
45%
1998 Croata 6 Davor Suker
44%
1994 HúngaroRusso 6 Hristo StoichkovOleg Salenko
37%
1950 Brasileiro 9 Ademir de Menezes
34%
1986 Inglês 6 Gary Lineker
28%
1954 Húngaro 11 Sándor Kocsis
21%
1974 Polaco(Polonês) 7 Grzegorz Lato
20%
1990 Italiano 6 Salvatore Schillaci
13%
1930 Argentino 8 Guillermo Stábile
11%
1934 Tcheco 5 Oldrich Nejedlý
1%
Nenhum quiz correspondente encontrado
Distribuição das Pontuações
Porcentagem de Pessoas com Cada Pontuação
Percentil de Números Respondidos
Sua Pontuação Histórica
Você não jogou esse quiz